00785nam a2200193 a 450000100100000000500170001000800410002704000250006810000310009324000490012424500740017326000740024730000280032150000340034970000450038370000400042895201060046899900170057400003630220200930075646.0120112s1968 mx a 000 0 spa d aDO-SdBNPbspacBNPHU1 aShoemaker, David P.96244210aExperiments in physical chemistrylEspañol10aExperimentos de fisicoquimica /cDavid P. Shoemaker, Carl W. Garland. aMéxico :bUnión tipográfica editorial Hispano Americana,c1968. a634 p. :bil. ;c22 cm. aTraducido del idioma inglés1 aMaría del Consuelo Hidalgoetr.9624431 aManuel Rodríguez Mataetr.962444 0010507-18MOaGRbGRcOId2012-01-12iLF1l0o p36303-10r2020-06-25w2020-06-25y1ZNo se presta c35793d35793